| 000 | 00357pab a2200133 454500 | ||
|---|---|---|---|
| 008 | 180718b xxu||||| |||| 00| 0 eng d | ||
| 100 | _aReddy O. Chinnappa | ||
| 245 | _aIndian constitutional secularism | ||
| 362 | _a15(2), Jun 93, p.6-24 | ||
| 650 | _a Communalism -- India | ||
| 650 | _aSecularism -- India | ||
| 773 | _aMan and Development | ||
| 909 | _a25191 | ||
| 999 |
_c25191 _d25191 |
||